Geography Quiz

Random Geography or World Quiz
Score 0/16 Timer 05:00
3 Plays Today
% Correct
Eiffel Tower
96.6%
Statue of Liberty
95.8%
Great Wall of China
95.7%
Pyramids of Giza
95.5%
Hiroshima Peace Memorial
95.4%
Colosseum
94.9%
Leaning Tower of Pisa
94.2%
Christ the Redeemer
93.1%
% Correct
Stonehenge
92.8%
Tower of London
92.8%
Parthenon
92.6%
St. Basil's Cathedral
92.4%
Sydney Opera House
91.8%
Moai of Easter Island
90.6%
Taj Mahal
90.4%
Sagrada Família
76.3%
Remove Ads.
Support Sporcle.
Get the best of Sporcle when you Go Orange. This ad-free experience offers more features, more stats, and more fun while also helping to support Sporcle. Thank you for becoming a member.

You're not logged in!

Compare scores with friends on all Sporcle quizzes.
OR
Log In

Show Comments

Extras

Top Quizzes Today


Score Distribution

Your Account Isn't Verified!

In order to create a playlist on Sporcle, you need to verify the email address you used during registration. Go to your Sporcle Settings to finish the process.

Report this User

Report this user for behavior that violates our Community Guidelines.

Details: